000 00729nam a2200229Ia 4500
003 GCL
008 140319s9999 xx 000 0 ara d
040 _aGCL /
_cGCL
082 0 4 _a229.2
_bح م
100 1 _aحسين حسن سلامة (أعداد)
245 1 0 _aمن فضائل القرأن /
_cحسين حسن سلامة (أعداد)
260 _a[S.N] :
_bالهيئة المصرية العامة للكتاب ،
_c1995
300 _a431 ص
490 _a
650 0 4 _aالاخلاق الاسلامية
650 0 4 _aالتربية الاسلامية
650 0 4 _aفضائل
650 0 4 _aالاخلاق فى القران
650 0 4 _aالقران
650 0 4 _aالقصص القرآنية
942 _2ddc
_cBK
999 _c37092
_d37092